Rodová rovnosť a ekonomický rast - empíria v krajinách V4
Vplyv rodovej rovnosti vo vzdelávaní a v prístupe na trh práce na ekonomický rast v krajinách Vyšehradskej štvorky. Miera ekonomickej aktivity žien a mužov. Index rodovej partity. Vzťah medzi ekonomickým rastom a Indexom rodovej rovnosti.
Saved in:
| Main Author: | |
|---|---|
| Other Authors: | |
| Format: | Book Chapter |
| Language: | Slovak |
| Subjects: | |
| Tags: |
No Tags, Be the first to tag this record!
|
MARC
| LEADER | 00000naa$a2200000$$$4500 | ||
|---|---|---|---|
| 001 | 0281826 | ||
| 005 | 20240502074404.8 | ||
| 041 | 0 | |a slo | |
| 044 | |a SK | ||
| 245 | 1 | 0 | |a Rodová rovnosť a ekonomický rast - empíria v krajinách V4 |c Eva Rievajová, Jakub Harman |
| 520 | |a Vplyv rodovej rovnosti vo vzdelávaní a v prístupe na trh práce na ekonomický rast v krajinách Vyšehradskej štvorky. Miera ekonomickej aktivity žien a mužov. Index rodovej partity. Vzťah medzi ekonomickým rastom a Indexom rodovej rovnosti. | ||
| 610 | 2 | 0 | |a rast hospodársky |
| 610 | 2 | 0 | |a vzdelávanie |
| 610 | 2 | 0 | |a trh práce |
| 610 | 2 | 0 | |a parita |
| 610 | 2 | 0 | |a rovnosť rodová |
| 610 | 2 | 0 | |a Vyšehradská štvorka |
| 100 | 1 | |a Rievajová, Eva | |
| 700 | 1 | |a Harman, Jakub, 1996- | |